| 000 | 00760nam a2200253Ia 4500 | ||
|---|---|---|---|
| 003 | OSt | ||
| 005 | 20220918171508.0 | ||
| 006 | a|||||r|||| 00| 0 | ||
| 007 | ta | ||
| 008 | 220917b |||||||| |||| 00| 0 eng d | ||
| 020 |
_a9781844676934 (hbk) _c1766.38 |
||
| 024 | _a257,731 | ||
| 037 |
_bBBS/43, 25/10/2011, Better Book Services _cTextual |
||
| 040 |
_aARTS _cARTS _beng |
||
| 041 |
_2eng _aeng |
||
| 082 | _aW:511v, Q1 | ||
| 100 |
_aLosurdo Domenico _936960 |
||
| 245 | 0 |
_aLiberalism _b A counter history |
|
| 260 |
_aLondon _bVerso UK _c2011 |
||
| 300 |
_aviii,375p. _ccm. |
||
| 650 | _aPOLITICAL SCIENCE | ||
| 942 |
_hW:511v, Q1 _cTEXL _2CC |
||
| 999 |
_c139856 _d139856 |
||